00778nam a2200229 a 450000100100000000500170001000800410002702000150006804000250008308200160010810000250012424500290014926000660017830000210024449000260026565000260029165000300031783000330034791000370038095201140041799900170053100004146920201002034922.0131007s1985 mx 000 j spa d a9682908639 aDO-SdBNPbspacBNPHU aM863bH668g1 aHiriart, Hugo96815210aGalaor. /cHugo Hiriart. aMéxico, D.F. :bSecretaria de Educación Pública,c1985. a166 p. ;c21 cm.1 aLecturas mexicanasv8 4aNovela mexicana93959 4aLiteratura mexicana91922 0aLecturas mexicanasn8968153 aValidado. Control de calidad MFF 001050718MOaGRbGRcHDd2013-10-07iLF1l0oM863 H668gp41469-10r2020-06-25w2020-06-25y1ZNo se presta c40959d40959